[Event "ROM-ch U12 Girls"]
[Site "Calimanesti Caciulata"]
[Date "2016.04.21"]
[Round "4"]
[White "Popa, Andra Maria"]
[Black "Mihut, Maria Emilia"]
[Result "0-1"]
[WhiteElo "1264"]
[BlackElo "1476"]
[PlyCount "120"]
[EventDate "2016.04.18"]
[EventType "swiss"]
[EventRounds "9"]
[EventCountry "ROU"]
[SourceTitle "CBM 172 Extra"]
[Source "ChessBase"]
[SourceDate "2016.06.21"]
[SourceVersion "1"]
[SourceVersionDate "2016.06.21"]
[SourceQuality "1"]

1. e4 c5 2. Nf3 e6 3. d4 cxd4 4. Nxd4 a6 5. Nc3 Qc7 6. g3 Nf6 7. Bg2 Be7 8. 0-0 0-0 9. Be3 d6 10. Re1 Nbd7 11. Qd2 Ne5 12. Rad1 Nc4 13. Qc1 Nxe3 14. Qxe3 Ng4 15. Qe2 Ne5 16. f4 Nc6 17. Nxc6 Qxc6 18. e5 Qb6+ 19. Qe3 Qxe3+ 20. Rxe3 d5 21. Kh1 Rb8 22. Ne2 b5 23. Nd4 Bb7 24. Rc3 Rfc8 25. Rdd3 Bc5 26. Nb3 Bb4 27. Rxc8+ Rxc8 28. c3 Be7 29. Nd4 b4 30. Ne2 a5 31. Bh3 Ba6 32. Rd2 Bxe2 33. Rxe2 bxc3 34. Rc2 d4 35. Bf1 g6 36. Bd3 Bb4 37. a3 Be7 38. Kg2 f6 39. exf6 Bxf6 40. g4 Rb8 41. bxc3 dxc3 42. Bc4 Kf7 43. Kf3 Ke7 44. g5 Bg7 45. Ke4 Rd8 46. h4 Rd4+ 47. Ke3 Rxc4 48. Kd3 Rxf4 49. Rh2 Ra4 50. h5 Rxa3 51. h6 Bh8 52. Rc2 Rb3 53. Kc4 Rb2 54. Rc1 Rb4+ 55. Kd3 Rb7 56. Rc2 a4 57. Ra2 Ra7 58. Ra3 Be5 59. Ra2 a3 60. Kc2 Bd4 0-1

[Event "ROM-ch U12 Girls"]
[Site "Calimanesti Caciulata"]
[Date "2016.04.19"]
[Round "2"]
[White "Dragomir, Carmen Teodora"]
[Black "Mihut, Maria Emilia"]
[Result "1-0"]
[WhiteElo "1319"]
[BlackElo "1476"]
[PlyCount "53"]
[EventDate "2016.04.18"]
[EventType "swiss"]
[EventRounds "9"]
[EventCountry "ROU"]
[SourceTitle "CBM 172 Extra"]
[Source "ChessBase"]
[SourceDate "2016.06.21"]
[SourceVersion "1"]
[SourceVersionDate "2016.06.21"]
[SourceQuality "1"]

1. e4 c5 2. Nf3 e6 3. d4 cxd4 4. Nxd4 a6 5. c4 Qc7 6. Nc3 Nf6 7. Bd3 Be7 8. 0-0 0-0 9. Re1 d6 10. Qf3 Nbd7 11. Be2 Ne5 12. Qg3 Rd8 13. b3 b6 14. Bh6 Ng6 15. Bg5 Bb7 16. Bd1 Ne8 17. Bd2 Bf6 18. Nf3 b5 19. Rc1 bxc4 20. Na4 Ne5 21. Be2 Nxf3+ 22. Bxf3 Be5 23. Qg5 g6 24. Qg4 Qd7 25. Ba5 h5 26. Qh3 Nc7 27. Rxc4 1-0

[Event "ROM-ch U10 Girls"]
[Site "Calimanesti"]
[Date "2015.04.03"]
[Round "6"]
[White "Mihut, Maria Emilia"]
[Black "Schiopu, Oana Magdalena"]
[Result "1-0"]
[WhiteElo "1562"]
[BlackElo "1357"]
[PlyCount "131"]
[EventDate "2015.03.30"]
[EventType "swiss"]
[EventRounds "9"]
[EventCountry "ROU"]
[SourceTitle "CBM 165 Extra"]
[Source "ChessBase"]
[SourceDate "2015.04.21"]
[SourceVersion "1"]
[SourceVersionDate "2015.04.21"]
[SourceQuality "1"]

1. d4 e6 2. c4 d5 3. Nc3 Nf6 4. Bg5 Be7 5. e3 Nc6 6. Bd3 Bd7 7. Nf3 h6 8. Bh4 0-0 9. 0-0 Nh7 10. Bxe7 Nxe7 11. Qc2 Nf6 12. Ne5 c6 13. Rfe1 Qc7 14. Rac1 dxc4 15. Bxc4 c5 16. Nb5 Qb6 17. dxc5 Qxc5 18. Nxd7 Nxd7 19. Bd3 Qg5 20. Qe2 f5 21. f4 Qh4 22. g3 Qh3 23. Qf3 Nc6 24. Bf1 Qg4 25. Qxg4 fxg4 26. Bg2 Rfc8 27. Nd6 Rc7 28. Nxb7 Rb8 29. Bxc6 Rbxb7 30. Bxb7 Rxb7 31. b3 Kh7 32. Rc6 Nf8 33. Rec1 Kg6 34. R1c5 Rd7 35. f5+ Kf6 36. fxe6 Nxe6 37. Ra5 Ke7 38. Re5 Rd6 39. Rxd6 Kxd6 40. Ra5 Kc7 41. Rxa7+ Kb6 42. Re7 Nc5 43. Rxg7 Ka5 44. Rxg4 Kb5 45. a4+ Ka6 46. e4 Kb6 47. Kf2 Kc6 48. a5 Kb5 49. e5 Ka6 50. b4 Nd3+ 51. Ke3 Nxe5 52. Re4 Nd7 53. Re6+ Kb5 54. a6 Kxb4 55. a7 Nc5 56. a8Q Nxe6 57. Qe4+ Kc5 58. Qxe6 h5 59. Qe7+ Kc4 60. Qd8 Kc5 61. Ke4 Kc6 62. Ke5 Kc5 63. Qc8+ Kb4 64. Kd5 Kb3 65. Kd4 Kb2 66. Kd3 1-0

[Event "ROM-ch U10 Girls"]
[Site "Calimanesti"]
[Date "2015.04.02"]
[Round "4"]
[White "Mihut, Maria Emilia"]
[Black "Vulpe, Raisa Georgiana"]
[Result "0-1"]
[WhiteElo "1562"]
[BlackElo "1321"]
[PlyCount "110"]
[EventDate "2015.03.30"]
[EventType "swiss"]
[EventRounds "9"]
[EventCountry "ROU"]
[SourceTitle "CBM 165 Extra"]
[Source "ChessBase"]
[SourceDate "2015.04.21"]
[SourceVersion "1"]
[SourceVersionDate "2015.04.21"]
[SourceQuality "1"]

1. d4 d5 2. c4 e5 3. dxe5 d4 4. Nf3 Nc6 5. g3 Bg4 6. Bg2 Qd7 7. 0-0 0-0-0 8. Bg5 Be7 9. Bxe7 Qxe7 10. Nbd2 Nxe5 11. Re1 Nf6 12. Qb3 Nc6 13. Rad1 Qc5 14. Qb5 Qxb5 15. cxb5 Nb4 16. h3 Be6 17. a4 d3 18. exd3 Nxd3 19. Re2 Nxb2 20. Rb1 Nc4 21. Nxc4 Bxc4 22. Re7 Rhe8 23. Rbe1 Be6 24. Rxe8 Rxe8 25. Nd4 Bd7 26. Rc1 Re7 27. a5 Be6 28. b6 axb6 29. axb6 Kb8 30. bxc7+ Rxc7 31. Rxc7 Kxc7 32. Nb5+ Kb6 33. Nd6 Nd5 34. h4 Kc6 35. Nc4 Kc5 36. Nd2 b5 37. Kf1 b4 38. Ke2 Nc3+ 39. Kd3 Bf5+ 40. Ke3 Bc2 41. Bf1 b3 42. Bd3 Bxd3 43. Kxd3 Kb4 44. f4 b2 45. Kc2 b1Q+ 46. Nxb1 Nxb1 47. Kxb1 Kc3 48. g4 Kd4 49. f5 Ke5 50. Kc2 Kf4 51. g5 Kxf5 52. Kd3 Kg4 53. Ke4 Kxh4 54. Kf5 h6 55. gxh6 gxh6 0-1

[Event "ROM-ch U10 Girls"]
[Site "Calimanesti"]
[Date "2014.04.07"]
[Round "2"]
[White "Mihut, Maria Emilia"]
[Black "Serbanuta, Teodora"]
[Result "1-0"]
[WhiteElo "1259"]
[BlackElo "1004"]
[PlyCount "73"]
[EventDate "2014.04.06"]
[EventType "swiss"]
[EventRounds "9"]
[EventCountry "ROU"]
[SourceTitle "CBM 160 Extra"]
[Source "ChessBase"]
[SourceDate "2014.07.01"]
[SourceVersion "1"]
[SourceVersionDate "2014.07.01"]
[SourceQuality "1"]

1. d4 d5 2. c4 dxc4 3. e3 Nc6 4. Bxc4 e6 5. Nc3 Bb4 6. Nf3 Nf6 7. 0-0 0-0 8. a3 Ba5 9. b4 Bb6 10. Ne5 Nxe5 11. dxe5 Nd7 12. Bb2 Nxe5 13. Be2 Qh4 14. h3 Qg5 15. Na4 Bd7 16. Nxb6 axb6 17. Bxe5 Bc6 18. Bg3 Qf5 19. b5 Bd5 20. Bd3 Qg5 21. h4 Qf6 22. e4 c6 23. exd5 exd5 24. Re1 Ra7 25. Bc2 Qh6 26. Qd3 g6 27. Qd4 cxb5 28. Qxd5 Ra5 29. Qxb7 b4 30. axb4 Rh5 31. Bd1 Rxh4 32. Bxh4 Qxh4 33. Qe4 Qh6 34. Bb3 Rd8 35. Qe7 Rd4 36. Qxf7+ Kh8 37. Qg8# 1-0